000 00586nam a22001817a 4500
003 OSt
005 20260424123613.0
008 260424b |||||||| |||| 00| 0 eng d
020 _a9781032187402
020 _a9781003256007
040 _aMMARA-U
_beng
_cMMARA-U
_dMMARA-U
050 _aK 3322 .I47 2024
245 _aImpeachment in a Global Context :
_bLaw, Politics, and Comparative Practice /
_cEdited by Chris Monaghan, Matthew Flinders and Aziz Z. Huq.
260 _aLondon :
_bRoutledge,
_c2024.
504 _aIncludes Index.
650 _aDemocracy
_91045
942 _2lcc
_cLOAN LOAN
999 _c33524
_d33521